Úvod do obecné religionistiky pro studenty sociálních oborů / Marcel Pikhart
Record details
- ISBN: 80-7041-572-X
- Physical Description: 69 s. ; 21 cm
- Edition: Vyd. 1.
- Publisher: Hradec Králové : Gaudeamus, 2006
Content descriptions
| General Note: | 150 výt. |
| Bibliography, etc. Note: | Obsahuje bibliografii a bibliografické odkazy |
| Issuing Body Note: | Vydavatel: Univerzita Hradec Králové |
Search for related items by subject
| Subject: | religionistika sociologie náboženství důkazy Boha religious science sociology of religion proofs for exeistence of God |
| Genre: | učebnice vysokých škol textbooks (higher) |
Search for related items by series
Available copies
- 1 of 1 copy available at Common Catalog SPOK.
Holds
- 0 current holds with 1 total copy.
Show Only Available Copies
| Location | Call Number / Copy Notes | Barcode | Shelving Location | Status | Due Date |
|---|---|---|---|---|---|
| Jabok Library | RE-1.2 | 424480021584 | Odborná literatura | Available | - |
| LDR | 01620nam a2200469 a 4500 | ||
|---|---|---|---|
| 001 | 13991 | ||
| 003 | CZ-PrJAB | ||
| 005 | 20191015130528.0 | ||
| 007 | ta | ||
| 008 | 061124s2006 xr e p 000 0 cze | ||
| 015 | . | ‡acnb001699044 | |
| 020 | . | ‡a80-7041-572-X ‡q(brož.) | |
| 035 | . | ‡a(CZ PrNK)nkc20061699044 | |
| 035 | . | ‡a(OCoLC)124089301 | |
| 040 | . | ‡aOLA001 ‡bcze | |
| 072 | 7. | ‡a2 ‡xNáboženství ‡2Konspekt ‡95 | |
| 072 | 7. | ‡a37.016 ‡xUčební osnovy. Vyučovací předměty. Učebnice ‡2Konspekt ‡922 | |
| 080 | . | ‡a2-6 ‡2MRF | |
| 080 | . | ‡a316.74:2 ‡2MRF | |
| 080 | . | ‡a2-141-21-22 ‡2MRF | |
| 080 | . | ‡a(075.8) ‡2MRF | |
| 100 | 1 | . | ‡aPikhart, Marcel, ‡d1977- ‡7xx0026024 ‡4aut |
| 245 | 1 | 0. | ‡aÚvod do obecné religionistiky pro studenty sociálních oborů / ‡cMarcel Pikhart |
| 250 | . | ‡aVyd. 1. | |
| 260 | . | ‡aHradec Králové : ‡bGaudeamus, ‡c2006 | |
| 300 | . | ‡a69 s. ; ‡c21 cm | |
| 490 | 1 | . | ‡aTexty k sociální práci |
| 500 | . | ‡a150 výt. | |
| 504 | . | ‡aObsahuje bibliografii a bibliografické odkazy | |
| 550 | . | ‡aVydavatel: Univerzita Hradec Králové | |
| 650 | 0 | 7. | ‡areligionistika ‡7ph125111 ‡2czenas |
| 650 | 0 | 7. | ‡asociologie náboženství ‡7ph135564 ‡2czenas |
| 650 | 0 | 7. | ‡adůkazy Boha ‡7ph138424 ‡2czenas |
| 650 | 0 | 9. | ‡areligious science ‡2eczenas |
| 650 | 0 | 9. | ‡asociology of religion ‡2eczenas |
| 650 | 0 | 9. | ‡aproofs for exeistence of God ‡2eczenas |
| 655 | 7. | ‡aučebnice vysokých škol ‡7fd133772 ‡2czenas | |
| 655 | 9. | ‡atextbooks (higher) ‡2eczenas | |
| 710 | 2 | . | ‡aUniverzita Hradec Králové ‡7kn20010709470 |
| 810 | 2 | . | ‡aUniverzita Hradec Králové. ‡tTexty k sociální práci |
| 910 | . | ‡aABG312 | |
| 995 | . | ‡aska | |
| 901 | . | ‡a13991 ‡bCZ PrNK ‡c13991 ‡tbiblio | |